Un segle de poesia catalana / (Record no. 140214)

MARC details
000 -LEADER
campo de control de longitud fija 00525nam a2200181 4500
001 - NÚMERO DE CONTROL
campo de control 140214
003 - IDENTIFICADOR DE NÚMERO DE CONTROL
campo de control ES-MaACL
005 - FECHA Y HORA DE LA ÚLTIMA TRANSACCIÓN
campo de control 20230906200032.0
007 - CAMPO FIJO DE DESCRIPCIÓN FÍSICA--INFORMACIÓN GENERAL
campo de control de longitud fija t|
008 - DATOS DE LONGITUD FIJA--INFORMACIÓN GENERAL
campo de control de longitud fija 070214s1968 sp r ||||1| spa d
245 03 - MENCIÓN DEL TÍTULO
Título Un segle de poesia catalana /
Mención de responsabilidad, etc. [selección] Jaume Bofill i Ferro, Antoni Comas.
250 ## - MENCION DE EDICION
Mención de edición 1ª ed.
260 ## - PUBLICACIÓN, DISTRIBUCIÓN, ETC.
Lugar de publicación, distribución, etc. Barcelona :
Nombre del editor, distribuidor, etc. Destino,
Fecha de publicación, distribución, etc. 1968.
300 ## - DESCRIPCIÓN FÍSICA
Extensión 1045 p. ;
Dimensiones 20 cm.
700 1# - ENTRADA AGREGADA--NOMBRE PERSONAL
Nombre de persona Bofill i Ferro, Jaume.
9 (RLIN) 29787
700 1# - ENTRADA AGREGADA--NOMBRE PERSONAL
Nombre de persona Comas, Antoni.
9 (RLIN) 39930
852 ## - LOCALIZACIÓN
Ubicación ES-MaACL
Número de control de estantería C-50950
Sublocalización o colección R.68527
Holdings
Estatus retirado Estado de pérdida Estado de daño No para préstamo Biblioteca de origen Biblioteca actual Ubicación en estantería Fecha de adquisición Fuente de adquisición Total de préstamos Signatura topográfica completa Código de barras Visto por última vez Precio de reemplazo Tipo de ítem Koha
        Biblioteca del Ateneo de Madrid Biblioteca del Ateneo de Madrid Depósito 2 17/01/2008     C-50950 1145911 23/02/2023 23/02/2023 Libro impreso